LEADER 01787namaa2200409 i 4500 001 000000178669 003 CaOOAMICUS 005 20260415124725.0 008 260415s2026 it u000 u ita r 020 $z978-88-288-6962-7* 032 $aLibriCat 040 $aPUL$bita 082 $a345.4505 110 1 $aItalia$eautore.$0(OLS)http://pul/name/1188 245 10$aCodice di procedura penale /$cdiretto da Sergio Beltrani ;commentato e aggiornato in dejure con Aldo Aceto... [et al.]. 250 $a6 ed. 260 $aMilano :$bLefebvre Giuffrè,$c2026. 300 $aXXXVII, 3177 pagine ; $c25 cm 336 $atesto$btxt$2rdacontent 337 $asenza mediazione$bn$2rdamedia 338 $aVolume$bnc$2rdacarrier 490 1 $aI codici commentati 500 $aTesto su due colonne. 500 $aSulla coperta : Aggiornato alla L. N. 181/2025 "Legge sul femminicidio". 500 $aEdizione integrale on-line sempre aggiornata. 650 4$aProcedura penale$zItalia.$0(OLS)http://pul/subject/12686 700 1 $aAceto, Aldo,$d1963-,$ecommentatore.$0(OLS)http://pul/name/109318 700 1 $aBeltrani, Sergio,$d1964-,$edirettore di pubblicazione.$0(OLS)http://pul/name/33912 830 2$aI codici commentati (Giuffrè).$0(OLS)http://pul/title/192430 850 $aPUL 852 $aPUL$W1$xSL Diritto e Scienze Sociali 3$y79$m348. 45 COD 5.68$j202436$qDDC 21$B207836$CPULBib$Z2$F207836 $H138521 $82 941 1 $a9 996 $6020$z978-88-288-6962-7*$9(OLS)http://pul/number/170929 996 $6082$a345.4505$9(OLS)http://pul/classification/385 996 $6245$aCodice di procedura penale$9(OLS)http://pul/title/97425 996 $6260$aMilano :$bLefebvre Giuffrè$9(OLS)http://pul/publisher/87700